000 00702nam a2200181Ia 4500
008 090123s9999 xx 000 0 und d
082 _b37422
100 _aभानुशाली पांडुरंग
245 _aसरोवर तरंगी सांडिले आकाश
250 _a0
260 _bनव्हाळी प्रकाशन
_c2004
300 _a154
600 _aभानुशाली पांडुरंग
630 _aसरोवर तरंगी सांडिले आकाश
700 _aभानुशाली पांडुरंग
730 _aसरोवर तरंगी सांडिले आकाश
942 _cBOOK
999 _c75489
_d75489